| 000 | 00435nam a22001577a 4500 | ||
|---|---|---|---|
| 003 | URS | ||
| 005 | 20220114172010.0 | ||
| 008 | 190226b xxu||||| |||| 00| 0 eng d | ||
| 020 | _a9780764166570 | ||
| 050 |
_aHF 5536 _bS56 2015 |
||
| 100 | 1 |
_aJae K. Shim. _d2015 _eauthor |
|
| 245 | 1 | 0 |
_aAccounting Handbook : _cJae K. Shim. |
| 250 | _a6th edition | ||
| 264 | 1 |
_aNew York : _bBarron's Educational Series Inc., _c©2015. |
|
| 942 |
_2lcc _cFR |
||
| 999 |
_c15405 _d15405 |
||